Štátna podpora lodiarstva

Z obsahu: Komerčné lodiarstvo stále drží nad vodou štátna pomoc. Nová dohoda OECD o lodiarstve viazne na ratifikácii USA. Možnosť štátnej podpory výrobcov lodí upravuje na Slovensku zákon.

Gespeichert in:
Bibliographische Detailangaben
1. Verfasser: Janoška, Juraj
Weitere Verfasser: Beer, Gabriel
Format: Buchkapitel
Sprache:Slowakisch
Schlagworte:
Tags: Tag hinzufügen
Keine Tags, Fügen Sie das erste Tag hinzu!

MARC

LEADER 00000naa a2200000 4500
001 r040485
005 20230921111132.7
041 0 |a slo 
044 |a SK 
245 1 0 |a Štátna podpora lodiarstva  |c Juraj Janoška, Gabriel Beer 
520 |a Z obsahu: Komerčné lodiarstvo stále drží nad vodou štátna pomoc. Nová dohoda OECD o lodiarstve viazne na ratifikácii USA. Možnosť štátnej podpory výrobcov lodí upravuje na Slovensku zákon. 
610 2 0 |a loďstvo 
610 2 0 |a lode 
610 2 0 |a výroba 
610 2 0 |a podpory 
610 2 0 |a štát 
610 2 0 |a subvencie 
610 2 0 |a zákony 
610 2 0 |a Slovensko 
610 2 0 |a Európska únia 
610 2 0 |a OECD 
100 1 |a Janoška, Juraj 
700 1 |a Beer, Gabriel